Statistiche per Bandiere del mondo in bianco e nero - Quiz n°12

Clicka qui per fare il quiz!

Statistiche generali

  • Questo quiz è stato fatto 13 volte
    (8 dall'ultimo reset)
  • Il punteggio medio è 17 su 18

Statistiche sulle risposte

Risposta% Corretto
Antigua e Barbuda
100%
Bahrein
100%
Dominica
100%
Indonesia
100%
Kazakistan
100%
Kuwait
100%
Montenegro
100%
Oman
100%
Repubblica Dominicana
100%
Saint Vincent e Grenadine
100%
Serbia
100%
Sri Lanka
100%
Stati Uniti
100%
Svezia
100%
Uzbekistan
100%
Belgio
86%
Ciad
57%
Gabon
57%

Distribuzione punteggi

Percentile per numero di risposta

Percentuale di utenti per punteggio

I tuoi punteggi nel tempo

Non hai fatto questo quiz dall'ultimo reset